15 Park Avaenue (Record no. 34588)

MARC details
000 -LEADER
fixed length control field 02645ngm a2200445 4500
003 - CONTROL NUMBER IDENTIFIER
control field dpl
005 - DATE AND TIME OF LATEST TRANSACTION
control field 20100311131823.0
007 - PHYSICAL DESCRIPTION FIXED FIELD--GENERAL INFORMATION
fixed length control field DVD
008 - FIXED-LENGTH DATA ELEMENTS--GENERAL INFORMATION
fixed length control field ||||||sp199 xxu|||||c ||| 00| 0 ng d
010 ## - LIBRARY OF CONGRESS CONTROL NUMBER
LC control number DVD-006324-6330
024 ## - OTHER STANDARD IDENTIFIER
Terms of availability 99.00
Standard number or code SHE 1184 F2
035 ## - SYSTEM CONTROL NUMBER
System control number DVD-006324-6330
040 ## - CATALOGING SOURCE
Original cataloging agency DPL
Transcribing agency DPL
082 ## - DEWEY DECIMAL CLASSIFICATION NUMBER
Classification number DVD FIFT
245 ## - TITLE STATEMENT
Title 15 Park Avaenue
Statement of responsibility, etc Bipin Kumar Vohra & SPS Films Presents
Medium [videorecording] VCD/
246 ## - VARYING FORM OF TITLE
Title proper/short title Fifteen Park Avenue
260 ## - PUBLICATION, DISTRIBUTION, ETC. (IMPRINT)
Name of publisher, distributor, etc Shemaroo Home Entertainment
300 ## - PHYSICAL DESCRIPTION
Extent 2 videodisc VCD;
Other physical details sd., col. ;
Dimensions 4 3/4 in.
Type of unit VCD
440 ## - SERIES STATEMENT/ADDED ENTRY--TITLE
Title Shemaroo Home Entertainment
500 ## - GENERAL NOTE
General note From the Director of 36 Chowringhee Lane & Mr. Mrs. Iyer
538 ## - SYSTEM DETAILS NOTE
System details note Dolby Digital 5.1 - Hindi Subtitles: English
538 ## - SYSTEM DETAILS NOTE
System details note NTSC Format-All Regions, 16x9 Anamorphic (2:23.1 Aspect Ratio), Dual Layer
650 ## - SUBJECT ADDED ENTRY--TOPICAL TERM
Topical term or geographic name as entry element Motion Picture
700 ## - ADDED ENTRY--PERSONAL NAME
Personal name Vohra, Bipin Kumar
700 ## - ADDED ENTRY--PERSONAL NAME
Personal name Shrama, Konkona Sen
700 ## - ADDED ENTRY--PERSONAL NAME
Personal name Azmi, Shabana
700 ## - ADDED ENTRY--PERSONAL NAME
Personal name Bose, Rahul
700 ## - ADDED ENTRY--PERSONAL NAME
Personal name Kawaljit Singh
700 ## - ADDED ENTRY--PERSONAL NAME
Personal name Shah, Shefali
700 ## - ADDED ENTRY--PERSONAL NAME
Personal name Rehmaan, Waheeda
942 ## - ADDED ENTRY ELEMENTS (KOHA)
Koha item type CD-ROMs, DVDs, VHS
Source of classification or shelving scheme Dewey Decimal Classification
Classification part DVD
Call number suffix FIFT
Holdings
Withdrawn status Lost status Source of classification or shelving scheme Damaged status Not for loan Home library Current library Date acquired Source of acquisition Cost, normal purchase price Total Checkouts Full call number Barcode Date last seen Date checked out Copy number Cost, replacement price Price effective from Koha item type
    Dewey Decimal Classification     Central Library Central Library 11/03/2010 Pioneers/1099/25-12-09/325/13-10-09 /30-12-09 99.00 14 DVD FIFT DVD-006324 05/10/2012 21/09/2012 1 99.00 11/03/2010 CD-ROMs, DVDs, VHS
    Dewey Decimal Classification     Karol Bagh Karol Bagh 11/03/2010 Pioneers/1099/25-12-09/325/13-10-09 /30-12-09 99.00 9 DVD FIFT DVD-006329 04/02/2013 23/01/2013 1 99.00 11/03/2010 CD-ROMs, DVDs, VHS
    Dewey Decimal Classification     Narela Narela 11/03/2010 Pioneers/1099/25-12-09/325/13-10-09 /30-12-09 99.00 3 DVD FIFT DVD-006330 01/02/2012 05/01/2012 1 99.00 11/03/2010 CD-ROMs, DVDs, VHS
    Dewey Decimal Classification     Patel Nagar Patel Nagar 11/03/2010 Pioneers/1099/25-12-09/325/13-10-09 /30-12-09 99.00 8 DVD FIFT DVD-006325 24/09/2013 24/10/2011 1 99.00 11/03/2010 CD-ROMs, DVDs, VHS
    Dewey Decimal Classification     R.K.Puram-8 R.K.Puram-8 11/03/2010 Pioneers/1099/25-12-09/325/13-10-09 /30-12-09 99.00 4 DVD FIFT DVD-006327 27/08/2016 13/08/2016 1 99.00 11/03/2010 CD-ROMs, DVDs, VHS
    Dewey Decimal Classification     Sarojini Nagar Sarojini Nagar 11/03/2010 Pioneers/1099/25-12-09/325/13-10-09 /30-12-09 99.00 20 DVD FIFT DVD-006326 27/05/2017 13/05/2017 1 99.00 11/03/2010 CD-ROMs, DVDs, VHS
    Dewey Decimal Classification     Vinoba Puri Vinoba Puri 11/03/2010 Pioneers/1099/25-12-09/325/13-10-09 /30-12-09 99.00 7 DVD FIFT DVD-006328 01/12/2010 25/11/2010 1 99.00 11/03/2010 CD-ROMs, DVDs, VHS

© Delhi Public Library
Hit Counter
free hit counter